Mười vạn câu hỏi vì sao?

সংরক্ষণ করুন:
গ্রন্থ-পঞ্জীর বিবরন
প্রধান লেখক: Đức Thành
বিন্যাস: গ্রন্থ
ভাষা:Undetermined
প্রকাশিত: Hà Nội Giao thông vận tải 2005
বিষয়গুলি:
ট্যাগগুলো: ট্যাগ যুক্ত করুন
কোনো ট্যাগ নেই, প্রথমজন হিসাবে ট্যাগ করুন!
Thư viện lưu trữ: Trung tâm Học liệu Trường Đại học Cần Thơ
LEADER 00487nam a2200181Ia 4500
001 CTU_102236
008 210402s9999 xx 000 0 und d
082 |a 500 
082 |b Đ552 
100 |a Đức Thành 
245 0 |a Mười vạn câu hỏi vì sao? 
245 0 |c Đức Thành 
260 |a Hà Nội 
260 |b Giao thông vận tải 
260 |c 2005 
650 |a science 
904 |i Truc 
980 |a Trung tâm Học liệu Trường Đại học Cần Thơ